000 00950cab a2200265 4500
001 ABS46603
008 090401t1992 xxu||||| |||| 00| 0 eng d
035 _a(Sirsi) u58838
041 _aeng
100 _aRutledge, K.
245 _aDamages for mental distress and inconveniece
260 _c1992
350 _a0
490 _aSolicitors` Journal
_v136(24) 19 June 1992, 604-606(2)
520 _aDiscusses the case "Branchett v Beaney" (1992) which sheds new light in the recoverability of damages for mental distress and inconvenience in cases of breach of implied covenant for the quiet enjoyment of land.
650 _aHOUSING ACT 1988
650 _aMENTAL DISTRESS
650 _aMILLINGTON V DUFFY
650 _aNMACALL V ABELESZ
650 _aQUIET ENJOYMENT
650 _aSAMPSON V FLOYD
690 _aPROPERTY-RESIDENTIAL PROPERTY-RESIDENTIAL LANDLORD AND TENANT-RESIDENTIAL TENANCIES
942 _n0
948 _c04/03/1997
999 _c35980
_d35980